00431nam a2200169Ia 4500003000400000005001700004008004100021040000700062041000800069082002200077100001700099245005500116260004500171365001300216650001800229650001400247OSt20230516103307.0210423s1990 xx 000 0 und d cAL aeng a305.56 223bROBD aROBB (Peter) aDalit movements and the meaning of labour in india aNew DelhibOxford University Pressc1990 b175cINR aSocial Groups aSociology